| 000 | 02217 a2200349 4500 | ||
|---|---|---|---|
| 001 | OB-ariadnaediciones-9335 | ||
| 003 | FrMaCLE | ||
| 005 | 20251214082611.0 | ||
| 007 | cu ||||||m|||| | ||
| 008 | 211101e||||||||xx |||||s|||||||||0|es|d | ||
| 020 | _a979-10-365-6197-9 | ||
| 040 | _aFR-FrMaCLE | ||
| 041 | _aspa | ||
| 100 | 1 | _aPalomera, Adriana | |
| 245 | 1 | 0 |
_aMigraciones y desplazamientos forzados : _bNuevas aproximaciones y contribuciones al estudio de la migración contemporánea / _cAdriana Palomera, Simón Herrera. |
| 260 |
_aSantiago : _bAriadna Ediciones, _c2021. |
||
| 300 | _a168 p. | ||
| 500 | _aEbook | ||
| 520 | _a En las últimas décadas Chile no ha estado ajeno a las dinámicas de aumento de la inmigración originando un fuerte impacto en la opinión pública. En este escenario, se debe sumar el cierre de fronteras producto de la pandemia y de las políticas de seguridad instaladas por algunos gobiernos, quedando múltiples grupos de inmigrantes y de refugiados sujetos a una mayor indefensión. El presente libro es fruto del quehacer académico de investigadores jóvenes titulados de Analistas en Políticas y Asuntos Internacionales de la Universidad de Santiago de Chile, que han encontrado en los desplazamientos humanos un lugar para desarrollar sus primeros acercamientos a la investigación y que representan el interés por la temática de las nuevas generaciones. Con la finalidad de fomentar el trabajo realizado por estos jóvenes investigadores en el área migratoria y potenciarlos, resulta esencial la difusión de sus propuestas con una publicación como esta, convirtiéndose dicho objetivo en uno de los principales fines de este texto. | ||
| 540 |
_aOpenEdition Books License _uhttps://www.openedition.org/12554 |
||
| 650 | 4 | _aSocial Issues | |
| 650 | 4 | _aforeign communities | |
| 650 | 4 | _aliving condition | |
| 650 | 4 | _apublic policies | |
| 650 | 4 | _apolíticas públicas | |
| 650 | 4 | _amigración | |
| 650 | 4 | _acondiciones de vida | |
| 650 | 4 | _acomunidades extranjeras | |
| 700 | 1 | _aHerrera, Simón | |
| 776 | _z978-956-6095-16-3 | ||
| 856 | 4 |
_ePalomera, Adriana _uhttps://books.openedition.org/ariadnaediciones/9335 _yMigraciones y desplazamientos forzados |
|
| 999 |
_c3982 _d3982 |
||